|
|
|
|
| LEADER |
00000nam0a2200000 4500 |
| 001 |
367033 |
| 005 |
20231102011936.0 |
| 035 |
|
|
|a (RuTPU)RU\TPU\retro\24396
|
| 090 |
|
|
|a 367033
|
| 100 |
|
|
|a 20220228d1980 km y0rusy50 ca
|
| 101 |
1 |
|
|a rus
|c pol
|
| 102 |
|
|
|a RU
|
| 105 |
|
|
|a a z 001zy
|
| 200 |
1 |
|
|a Гданьск
|e пер. с пол.
|f Л. Кшижановский
|
| 210 |
|
|
|a Москва
|c Искусство
|d 1980
|
| 215 |
|
|
|a 272 с.
|c ил.
|
| 225 |
1 |
|
|a Города и музеи мира
|
| 320 |
|
|
|a Список иллюстраций: с. 366-270
|
| 606 |
1 |
|
|a Архитектурные памятники городов
|x История
|2 stltpush
|3 (RuTPU)RU\TPU\subj\29494
|9 52809
|
| 610 |
1 |
|
|a Польша
|
| 610 |
1 |
|
|a города
|
| 610 |
1 |
|
|a исторические памятники
|
| 610 |
1 |
|
|a архитектурные памятники
|
| 610 |
1 |
|
|a готика
|
| 610 |
1 |
|
|a культовые сооружения
|
| 610 |
1 |
|
|a крепости
|
| 675 |
|
|
|a 711.424
|v 4
|
| 700 |
|
1 |
|a Кшижановский
|b Л.
|g Лех
|
| 801 |
|
1 |
|a RU
|b 63413507
|c 20220228
|
| 942 |
|
|
|c BK
|